Introducción a la dinámica keynesiana (Registro nro. 4362)
[ vista simple ]
| 000 -LEADER | |
|---|---|
| fixed length control field | 01419 a2200205 4500 |
| 001 - CONTROL NUMBER | |
| control field | 47458 |
| 005 - DATE AND TIME OF LATEST TRANSACTION | |
| control field | 20260407155741.0 |
| 008 - FIXED-LENGTH DATA ELEMENTS--GENERAL INFORMATION | |
| fixed length control field | 260407a1967 arg spa d |
| 003 - CONTROL NUMBER IDENTIFIER | |
| control field | AR-UNSa-BCEJYS |
| 040 ## - CATALOGING SOURCE | |
| Original cataloging agency | AR-UNSa-BCEJYS |
| Language of cataloging | spa |
| Transcribing agency | AR-UNSa-BCEJYS |
| 080 ## - UNIVERSAL DECIMAL CLASSIFICATION NUMBER | |
| Universal Decimal Classification number | 330.834 |
| Common auxiliary subdivision | Keynes y el keynesianismo. Neokeynesianismo. Poskeynesianismo |
| 100 1# - MAIN ENTRY--PERSONAL NAME | |
| Personal name | Kurihara, Kenneth k. |
| 245 10 - TITLE STATEMENT | |
| Title | Introducción a la dinámica keynesiana |
| 264 #1 - PRODUCTION, PUBLICATION, DISTRIBUTION, MANUFACTURE, AND COPYRIGHT NOTICE | |
| Place of production, publication, distribution, manufacture | México : |
| Name of producer, publisher, distributor, manufacturer | Fondo de Cultura Económica |
| Date of production, publication, distribution, manufacture, or copyright notice | 1967 |
| 300 ## - PHYSICAL DESCRIPTION | |
| Extent | 225 p. |
| Dimensions | 21 cm. |
| 505 ## - FORMATTED CONTENTS NOTE | |
| Formatted contents note | 1. Metodología macroeconómica. Introducción -- Parte I: Relaciones funcionales básicas: 2. La función del consumo - 3. La función de la inversión - 4. La función de la liquidez - 5. La función de ajuste del ahorro y la inversión -- Parte II: Conducta dinámica del ingreso: 6. El multiplicador y las fluctuaciones del ingreso - 7. La estabilidad dinámica del equilibrio - 8. La dinámica de la inflación - 9. El ingreso, la ocupación y el equilibrio internacional - 10. Flexibilidad de precios y ocupación plena automática -- Parte III: Dinámica económica secular: 11. Teoremas macroeconómicos seculares - 12. Acumulación de capital y equilibrio - 13. Crecimiento nacional y desarrollo internacional. |
| 590 ## - LOCAL NOTE (RLIN) | |
| Local note | niveau_biblio:m niveau_hierar:0 |
| 856 41 - ELECTRONIC LOCATION AND ACCESS | |
| Uniform Resource Identifier | <a href="https://www.biblioeco.unsa.edu.ar/pmb/images/libros/L127505.jpg">https://www.biblioeco.unsa.edu.ar/pmb/images/libros/L127505.jpg</a> |
| Link text | Imagen de portada |
| Electronic format type | image/jpeg |
| 942 ## - ADDED ENTRY ELEMENTS (KOHA) | |
| Koha item type | |
| Withdrawn status | Lost status | Damaged status | Not for loan | Home library | Current library | Shelving location | Date acquired | Total checkouts | Full call number | Barcode | Date last seen | Price effective from | Koha item type |
|---|---|---|---|---|---|---|---|---|---|---|---|---|---|
| Biblioteca Prof. Eusebio Cleto del Rey | Biblioteca Prof. Eusebio Cleto del Rey | 07/04/2026 | 330.834 K95 | L127505 | 07/04/2026 | 07/04/2026 | Libro |